Statistics for Name the country the taxi is from...

Click here to take the quiz!

General Stats

  • This quiz has been taken 31 times
  • The average score is 6 of 8

Answer Stats

Answer% Correct
United States of America
95%
Japan
82%
India
73%
South Africa
68%
Israel
64%
Spain
64%
China
59%
Chile
55%

Score Distribution

Percentile by Number Answered

Percent of People with Each Score

Your Score History

You have not taken this quiz